[Event "Teplice op 4th"]
[Site "Teplice"]
[Date "2009.06.15"]
[Round "3"]
[White "Lukman, Ronny"]
[Black "Hausner, Ivan"]
[Result "0-1"]
[WhiteElo "2254"]
[BlackElo "2393"]
[PlyCount "112"]
[EventDate "2009.06.13"]
[EventType "swiss"]
[EventRounds "9"]
[EventCountry "CZE"]
[SourceTitle "CBM 130 Extra"]
[Source "ChessBase"]
[SourceDate "2009.07.02"]
[SourceVersion "2"]
[SourceVersionDate "2009.07.15"]
[SourceQuality "1"]

1. e4 d6 2. d4 Nf6 3. Nc3 c6 4. f4 Qa5 5. e5 Ne4 6. Bd3 Nxc3 7. Qd2 g6 8. Ne2 Bf5 9. Nxc3 e6 10. Ne4 Qxd2+ 11. Bxd2 Bxe4 12. Bxe4 d5 13. Bd3 Nd7 14. g4 h5 15. f5 hxg4 16. fxe6 fxe6 17. Bxg6+ Kd8 18. 0-0-0 Bh6 19. Rhg1 c5 20. c3 cxd4 21. cxd4 Rc8+ 22. Kb1 Bxd2 23. Rxd2 Rh4 24. Bc2 Ke7 25. Bd1 Rg8 26. Rg3 Rg7 27. Rc3 Kd8 28. Ra3 a6 29. Rb3 Nb8 30. Rg3 Nc6 31. a3 Ne7 32. h3 Rxh3 33. Rxg4 Rg3 34. Rxg7 Rxg7 35. Kc2 Nf5 36. Kc3 Rc7+ 37. Kb3 Rc4 38. Rh2 Nxd4+ 39. Ka2 Nc6 40. Rh8+ Kd7 41. Rh7+ Ne7 42. Rh8 Rc8 43. Rh5 Rg8 44. Bc2 Rg7 45. Bd3 Nc6 46. Bf1 Rg6 47. Bh3 Kc7 48. Rh7+ Kb6 49. Rh8 a5 50. Re8 Nd4 51. a4 Rg5 52. Bxe6 Rxe5 53. Bf7 Rxe8 54. Bxe8 Kc5 55. Bf7 Kc4 56. b3+ Nxb3 0-1

[Event "Doeberl Cup 47th"]
[Site "Canberra"]
[Date "2009.04.09"]
[Round "2"]
[White "Sengupta, Deep"]
[Black "Lukman, Ronny"]
[Result "1-0"]
[WhiteElo "2466"]
[BlackElo "2254"]
[PlyCount "125"]
[EventDate "2009.04.09"]
[EventType "swiss"]
[EventRounds "9"]
[EventCountry "AUS"]
[SourceTitle "CBM 129 Extra"]
[Source "ChessBase"]
[SourceDate "2009.05.05"]
[SourceVersion "2"]
[SourceVersionDate "2009.05.20"]
[SourceQuality "1"]

1. e4 c5 2. Nc3 Nc6 3. Bb5 g6 4. Bxc6 dxc6 5. d3 Bg7 6. f4 c4 7. Qf3 cxd3 8. cxd3 Nf6 9. h3 b6 10. Nge2 Ba6 11. d4 0-0 12. Be3 Ne8 13. g4 f5 14. gxf5 gxf5 15. e5 Qd7 16. Rg1 Nc7 17. 0-0-0 Nd5 18. Bf2 Kh8 19. Bh4 Bc4 20. Rg3 Bh6 21. Bg5 Bxg5 22. Rxg5 Rg8 23. h4 e6 24. Kb1 Bxe2 25. Nxe2 Qf7 26. Rc1 Ne7 27. Qa3 a5 28. Qb3 b5 29. Qc3 h6 30. Rxg8+ Qxg8 31. Qc5 Re8 32. Qd6 Qf7 33. a3 a4 34. d5 Nxd5 35. Rxc6 Qb7 36. Rc1 b4 37. Qc6 Rb8 38. Qxb7 Rxb7 39. Rc8+ Kg7 40. Kc2 bxa3 41. bxa3 Kf7 42. Ra8 Rb3 43. Rxa4 Rh3 44. Ra7+ Kf8 45. a4 Rxh4 46. a5 Nxf4 47. Nd4 Rh2+ 48. Kb3 Rd2 49. Rd7 Ke8 50. Rd6 Rd3+ 51. Kc4 Ra3 52. a6 h5 53. Nb5 Ra1 54. a7 Ke7 55. Rb6 Nd5 56. Rb7+ Kd8 57. Rb8+ Kd7 58. Kb3 Nc7 59. Na3 Rg1 60. Rh8 Rg7 61. Nb5 Rg3+ 62. Ka4 Nd5 63. Rh7+ 1-0

[Event "Lienz op 15th"]
[Site "Lienz"]
[Date "2009.02.12"]
[Round "7"]
[White "Lukman, Ronny"]
[Black "Scheffknecht, Philipp"]
[Result "1/2-1/2"]
[WhiteElo "2248"]
[BlackElo "2183"]
[PlyCount "26"]
[EventDate "2009.02.07"]
[EventType "swiss"]
[EventRounds "9"]
[EventCountry "AUT"]
[SourceTitle "CBM 128 Extra"]
[Source "ChessBase"]
[SourceDate "2009.03.05"]
[SourceVersion "2"]
[SourceVersionDate "2009.03.25"]
[SourceQuality "1"]

1. Nf3 Nf6 2. c4 e6 3. b3 c5 4. g3 b6 5. Bg2 Bb7 6. 0-0 Be7 7. Bb2 0-0 8. d4 cxd4 9. Bxd4 d6 10. Bb2 Nbd7 11. Nc3 a6 12. Qd2 Qc7 13. Rac1 Rac8 1/2-1/2

[Event "Maastricht Limburg op"]
[Site "Maastricht"]
[Date "2008.05.11"]
[Round "4"]
[White "Lukman, Ronny"]
[Black "Boulahfa, Hicham"]
[Result "1-0"]
[WhiteElo "2228"]
[BlackElo "2000"]
[PlyCount "61"]
[EventDate "2008.05.09"]
[EventType "swiss"]
[EventRounds "7"]
[EventCountry "NED"]
[SourceTitle "EXT 2009"]
[Source "ChessBase"]
[SourceDate "2008.11.26"]
[SourceVersion "1"]
[SourceVersionDate "2008.11.26"]
[SourceQuality "1"]

1. e4 c5 2. Nf3 d6 3. c3 Nf6 4. Be2 Bd7 5. e5 dxe5 6. Nxe5 Nc6 7. Nxd7 Qxd7 8. 0-0 g6 9. a3 Bg7 10. b4 cxb4 11. axb4 0-0 12. b5 Nd8 13. Ra5 e5 14. Qa4 b6 15. Ra6 Ne6 16. Ba3 Rfd8 17. d4 exd4 18. Bf3 Nd5 19. c4 Ndc7 20. Rxa7 Rab8 21. Bc6 Qc8 22. Be7 Rd7 23. Bxd7 Qxd7 24. Qa3 Be5 25. Nd2 Nf4 26. Re1 d3 27. Bh4 Bd6 28. Qa1 Qg4 29. Bg3 Nce6 30. Ne4 Ne2+ 31. Rxe2 1-0

[Event "Coulsdon Easter"]
[Site "Coulsdon"]
[Date "2006.04.13"]
[Round "8"]
[White "Rendle, Thomas E"]
[Black "Lukman, Ronny"]
[Result "1-0"]
[WhiteElo "2357"]
[BlackElo "2265"]
[PlyCount "71"]
[EventDate "2006.04.09"]
[EventType "tourn"]
[EventRounds "9"]
[EventCountry "ENG"]
[EventCategory "3"]
[SourceTitle "EXT 2008"]
[Source "ChessBase"]
[SourceDate "2007.11.25"]
[SourceVersion "1"]
[SourceVersionDate "2007.11.25"]
[SourceQuality "1"]

1. e4 c5 2. Nf3 d6 3. c3 Nf6 4. Be2 Bd7 5. Qc2 Bc6 6. d3 c4 7. Nbd2 cxd3 8. Bxd3 Nbd7 9. b4 b6 10. 0-0 Bb7 11. Bb2 g6 12. Qb3 Bg7 13. Ng5 0-0 14. f4 h6 15. Ngf3 Qc7 16. c4 e5 17. fxe5 dxe5 18. Nh4 Rad8 19. Rf3 Kh7 20. Raf1 Qd6 21. Bc3 Qe7 22. g3 Ne8 23. Qb1 Nc7 24. R1f2 Kg8 25. c5 Ne6 26. Bc4 Kh7 27. Nf5 gxf5 28. exf5 Kh8 29. fxe6 Bxf3 30. Nxf3 fxe6 31. Nh4 Rf6 32. Ng6+ Rxg6 33. Qxg6 Nf8 34. Qh5 bxc5 35. Bxe5 cxb4 36. Rxf8+ 1-0

[Event "Pools schev"]
[Site "Singapore"]
[Date "1997.??.??"]
[Round "1"]
[White "Lukman, Ronny"]
[Black "Mariano, Nelson"]
[Result "1/2-1/2"]
[WhiteElo "2355"]
[BlackElo "2490"]
[PlyCount "66"]
[EventDate "1997.05.31"]
[EventType "schev"]
[EventRounds "10"]
[EventCountry "SIN"]
[SourceTitle "CBM 058 Extra"]
[Source "ChessBase"]
[SourceDate "1997.07.29"]
[SourceVersion "1"]
[SourceVersionDate "1997.07.29"]
[SourceQuality "1"]

1. d4 Nf6 2. Nf3 g6 3. c4 Bg7 4. Nc3 0-0 5. e4 d6 6. Be2 e5 7. dxe5 dxe5 8. Qxd8 Rxd8 9. Nd5 Nxd5 10. cxd5 c6 11. Bc4 Nd7 12. Bg5 Re8 13. dxc6 bxc6 14. Rc1 Nf8 15. Be3 h6 16. Bb3 Ne6 17. Ba4 Bb7 18. Bxc6 Bxc6 19. Rxc6 Nd4 20. Bxd4 exd4 21. Kd2 Rxe4 22. Re1 Rxe1 23. Nxe1 a5 24. b3 Bf8 25. Nc2 Rd8 26. Kd3 Rd5 27. Rc4 Rg5 28. g3 Rf5 29. f4 Rh5 30. h4 g5 31. fxg5 hxg5 32. Rxd4 gxh4 33. Rg4+ Kh7 1/2-1/2

[Event "Jakarta op"]
[Site "Jakarta"]
[Date "1997.??.??"]
[Round "?"]
[White "Zagrebelny, Sergey"]
[Black "Lukman, Ronny"]
[Result "1-0"]
[WhiteElo "2480"]
[BlackElo "2355"]
[PlyCount "76"]
[EventDate "1997.??.??"]
[EventType "swiss"]
[EventRounds "9"]
[EventCountry "INA"]
[SourceTitle "EXT 2000"]
[Source "ChessBase"]
[SourceDate "1999.11.16"]
[SourceVersion "1"]
[SourceVersionDate "1999.11.16"]
[SourceQuality "1"]

1. e4 c5 2. Nf3 d6 3. d4 cxd4 4. Nxd4 Nf6 5. Nc3 g6 6. Bc4 Bg7 7. 0-0 0-0 8. Re1 a6 9. Bf1 Bd7 10. Bg5 h6 11. Bh4 Nc6 12. Nb3 a5 13. a4 Nb4 14. Nb5 Rc8 15. c3 Na6 16. f3 Be6 17. N3d4 Bd7 18. f4 Bg4 19. Be2 Bxe2 20. Qxe2 e5 21. Nf3 exf4 22. Rad1 g5 23. Rxd6 Qe7 24. Bf2 Nc5 25. e5 Ng4 26. Nfd4 f3 27. Nxf3 Nxf2 28. Qxf2 Rfe8 29. Rd5 g4 30. Nd6 gxf3 31. Nxe8 Rxe8 32. Rxc5 fxg2 33. Ra1 Kh8 34. Rd5 Rg8 35. Qf4 Qe6 36. Rd6 Qh3 37. Qd4 Bf8 38. e6+ Bg7 1-0